Statistics for South American General Knowledge

Click here to take the quiz!

General Stats

  • This quiz has been taken 69 times
  • The average score is 10 of 13

Answer Stats

QuestionAnswer% Correct
The biggest country in South America is...?Brazil
100%
How many South American countries are landlocked?2
97%
Which country, that starts with a vowel, does Brazil NOT border?Ecuador
94%
What South American country has the shortest name?Peru
92%
What South American country was Lionel Messi born in?Argentina
88%
Alphabetically, what is the last listed country in South America?Venezuela
86%
What is the longest mountain range in South America?Andes
84%
What is the capital of Uruguay?Montevideo
84%
What is the least populated country on the South American mainland?Suriname
81%
What set of islands, owned by the UK, is located in South America?Falkland Islands
73%
Argentina translates to what element/ore in English?Silver
72%
Colombia hosted what notorious drug lord's operations?Pablo Escobar
64%
What is the third largest city in Brazil?Salvador
27%

Score Distribution

Percentile by Number Answered

Percent of People with Each Score

Your Score History

You have not taken this quiz